[Event "Cappelle Online Blitz op"]
[Site "Europe Echecs INT"]
[Date "2021.03.07"]
[Round "4"]
[White "Louvrier Saint Mary, Jean Roger"]
[Black "Richard, Maxime"]
[Result "1-0"]
[WhiteElo "1780"]
[BlackElo "1444"]
[PlyCount "47"]
[EventDate "2021.03.07"]
[EventType "swiss (blitz)"]
[EventRounds "11"]
[EventCountry "FRA"]
[SourceTitle "CBM 201 Extra"]
[Source "ChessBase"]
[SourceDate "2021.05.31"]
[SourceVersion "1"]
[SourceVersionDate "2021.05.31"]
[SourceQuality "1"]

1. b3 d5 2. Bb2 Nf6 3. e3 c5 4. Bb5+ Nc6 5. Bxc6+ bxc6 6. f4 Bg4 7. Nf3 e6 8. h3 Bf5 9. d3 h6 10. Ne5 Qb6 11. Qd2 Be7 12. Nc3 0-0 13. g4 Bh7 14. g5 hxg5 15. fxg5 d4 16. gxf6 dxc3 17. Bxc3 Bxf6 18. Nd7 Bh4+ 19. Kd1 Qc7 20. Rg1 g6 21. Nf6+ Bxf6 22. Bxf6 Rfe8 23. e4 e5 24. Qh6 1-0

[Event "Cappelle Online Blitz op 1st"]
[Site "Europe Echecs INT"]
[Date "2021.01.10"]
[Round "6"]
[White "Louvrier Saint Mary, Jean Roger"]
[Black "Csano, Joseph"]
[Result "1-0"]
[WhiteElo "1780"]
[BlackElo "1490"]
[PlyCount "52"]
[EventDate "2021.01.10"]
[EventType "swiss (blitz)"]
[EventRounds "11"]
[EventCountry "FRA"]
[SourceTitle "CBM 200 Extra"]
[Source "ChessBase"]
[SourceDate "2021.03.31"]
[SourceVersion "1"]
[SourceVersionDate "2021.03.31"]
[SourceQuality "1"]

1. b3 Nf6 2. Bb2 e6 3. e3 Be7 4. f4 b6 5. Nf3 Bb7 6. d3 d6 7. e4 Nbd7 8. Qd2 a5 9. a3 Qc8 10. Nc3 c6 11. Be2 Qc7 12. 0-0-0 b5 13. a4 Rc8 14. axb5 cxb5 15. Nxb5 Qb6 16. Nc3 0-0 17. Na4 Qa7 18. e5 Nd5 19. Bd4 Qa8 20. Bb2 Nb4 21. c4 d5 22. Kb1 Bc6 23. Nc3 Nc5 24. Nd4 dxc4 25. Nxc6 Qxc6 26. Bf3 Qb7 1-0

[Event "Cappelle Online Blitz op 1st"]
[Site "Europe Echecs INT"]
[Date "2021.01.10"]
[Round "9"]
[White "Musabayev, Maxim"]
[Black "Louvrier Saint Mary, Jean Roger"]
[Result "0-1"]
[WhiteElo "1553"]
[BlackElo "1780"]
[PlyCount "34"]
[EventDate "2021.01.10"]
[EventType "swiss (blitz)"]
[EventRounds "11"]
[EventCountry "FRA"]
[SourceTitle "CBM 200 Extra"]
[Source "ChessBase"]
[SourceDate "2021.03.31"]
[SourceVersion "1"]
[SourceVersionDate "2021.03.31"]
[SourceQuality "1"]

1. e4 c5 2. Nf3 e6 3. d4 cxd4 4. Nxd4 a6 5. Nc3 Qc7 6. Bd3 Nf6 7. Bd2 b5 8. a3 Nc6 9. Nxc6 dxc6 10. 0-0 Bb7 11. Re1 Bd6 12. Qe2 e5 13. f4 h5 14. fxe5 Bc5+ 15. Kh1 Ng4 16. Rf1 f6 17. exf6 Qxh2# 0-1

[Event "Cappelle Online Blitz op 1st"]
[Site "Europe Echecs INT"]
[Date "2021.01.10"]
[Round "5"]
[White "Rode, Anthony"]
[Black "Louvrier Saint Mary, Jean Roger"]
[Result "1-0"]
[WhiteElo "2055"]
[BlackElo "1780"]
[PlyCount "59"]
[EventDate "2021.01.10"]
[EventType "swiss (blitz)"]
[EventRounds "11"]
[EventCountry "FRA"]
[SourceTitle "CBM 200 Extra"]
[Source "ChessBase"]
[SourceDate "2021.03.31"]
[SourceVersion "1"]
[SourceVersionDate "2021.03.31"]
[SourceQuality "1"]

1. e4 c5 2. Nf3 e6 3. c4 Nc6 4. Nc3 a6 5. Be2 Qc7 6. 0-0 Nf6 7. d4 cxd4 8. Nxd4 Bd6 9. g3 h5 10. Ndb5 axb5 11. Nxb5 Qb8 12. Nxd6+ Ke7 13. c5 h4 14. g4 h3 15. g5 Ne8 16. Nc4 Ne5 17. Nb6 Ra5 18. b4 Ra7 19. Kh1 Rh4 20. Bf3 Ra6 21. Qe2 Rxb6 22. cxb6 Qd6 23. Be3 Qxb4 24. Rab1 Qa5 25. Rb5 Qc3 26. Rc1 Qxc1+ 27. Bxc1 Nd6 28. Rxe5 f5 29. exf5 Rc4 30. f6+ 1-0

[Event "FRA-ch Blitz Online Qual"]
[Site "Europe Echecs INT"]
[Date "2020.05.16"]
[Round "11"]
[White "Louvrier Saint Mary, Jean Roger"]
[Black "Hucault, Christophe"]
[Result "1-0"]
[WhiteElo "1780"]
[BlackElo "1612"]
[PlyCount "53"]
[EventDate "2020.05.16"]
[EventType "swiss (blitz)"]
[EventRounds "15"]
[EventCountry "FRA"]
[SourceTitle "CBM 196 Extra"]
[Source "ChessBase"]
[SourceDate "2020.07.31"]
[SourceVersion "1"]
[SourceVersionDate "2020.07.31"]
[SourceQuality "1"]

1. b3 Nf6 2. Bb2 d6 3. g3 g6 4. Bg2 Bg7 5. c4 0-0 6. Nc3 e5 7. e3 c6 8. d3 Be6 9. Nge2 Qd7 10. 0-0 Bh3 11. f4 Bxg2 12. Kxg2 Na6 13. f5 d5 14. cxd5 cxd5 15. Ba3 Rfe8 16. Nb5 Qxb5 17. Rc1 Rac8 18. fxg6 Rxc1 19. gxf7+ Kxf7 20. Qxc1 Qxd3 21. Nc3 Kg8 22. Rd1 Qf5 23. Nxd5 Nxd5 24. Qc4 Rd8 25. e4 Qg4 26. Rxd5 Qe2+ 27. Qxe2 1-0

[Event "FRA-ch op"]
[Site "Nimes"]
[Date "2014.08.17"]
[Round "1"]
[White "Dussert, Philippe"]
[Black "Louvrier Saint Mary, Jean Roger"]
[Result "1-0"]
[WhiteElo "1841"]
[BlackElo "1990"]
[PlyCount "101"]
[EventDate "2014.08.17"]
[EventType "swiss"]
[EventRounds "11"]
[EventCountry "FRA"]
[SourceTitle "EXT 2015"]
[Source "ChessBase"]
[SourceDate "2014.11.20"]
[SourceVersion "1"]
[SourceVersionDate "2014.11.20"]
[SourceQuality "1"]

1. e4 c5 2. Nf3 e6 3. d4 cxd4 4. Nxd4 a6 5. c4 Qc7 6. Nc3 Nf6 7. a3 Nc6 8. Be3 Ne5 9. Rc1 h6 10. Be2 Be7 11. 0-0 d6 12. f4 Ned7 13. b4 0-0 14. Qd2 Re8 15. f5 Bf8 16. fxe6 fxe6 17. Rf3 Ne5 18. Rg3 Kh7 19. Nb3 b6 20. Bd4 Bb7 21. Qe3 Rac8 22. Bxe5 dxe5 23. Na4 Nxe4 24. Bd3 Qc6 25. Nc3 Kh8 26. Bxe4 Qc7 27. Bxb7 Qxb7 28. Ne4 a5 29. c5 Qd5 30. bxa5 bxc5 31. Qe2 Red8 32. Rgc3 Qa8 33. h3 Rd5 34. Kh2 Rcd8 35. Nexc5 e4 36. Nxe6 Bd6+ 37. Kh1 Re8 38. Nc7 Bxc7 39. Rxc7 Red8 40. R7c3 Rf5 41. Rf1 Rg5 42. Re3 Rd6 43. Rxe4 Kh7 44. Rg4 Qd5 45. Rxg5 Qxg5 46. Qe4+ Rg6 47. a6 Qb5 48. Rf3 Qg5 49. Rc3 Qb5 50. a7 Qd7 51. Qxg6+ 1-0

[Event "LLucmajor op 3rd"]
[Site "LLucmajor"]
[Date "2014.05.11"]
[Round "1"]
[White "Fedorchuk, Sergey A"]
[Black "Louvrier Saint Mary, Jean Roger"]
[Result "1-0"]
[WhiteElo "2638"]
[BlackElo "2033"]
[PlyCount "47"]
[EventDate "2014.05.11"]
[EventType "swiss"]
[EventRounds "9"]
[EventCountry "ESP"]
[SourceTitle "CBM 160 Extra"]
[Source "ChessBase"]
[SourceDate "2014.07.01"]
[SourceVersion "1"]
[SourceVersionDate "2014.07.01"]
[SourceQuality "1"]

1. e4 c5 2. Nf3 e6 3. d4 cxd4 4. Nxd4 a6 5. Be2 Qc7 6. 0-0 Nf6 7. Nc3 Bd6 8. f4 Bc5 9. Kh1 Nc6 10. Nb3 Ba7 11. e5 Ng8 12. Ne4 Nge7 13. Nd6+ Kf8 14. Bd3 h5 15. Bd2 Nd5 16. Qe1 f5 17. c4 Nde7 18. Qh4 Nd4 19. Bb4 Ndc6 20. Ba3 a5 21. Bxf5 exf5 22. Nxf5 Qd8 23. Nxe7 Nxe7 24. f5 1-0

[Event "Paris Apsap op 75th"]
[Site "Paris"]
[Date "2004.08.31"]
[Round "2"]
[White "Louvrier Saint Mary, Jean Roger"]
[Black "Duluc, Jeremie"]
[Result "0-1"]
[WhiteElo "2046"]
[BlackElo "2179"]
[PlyCount "82"]
[EventDate "2004.09.??"]
[EventType "swiss"]
[EventRounds "9"]
[EventCountry "FRA"]
[SourceTitle "EXT 2006"]
[Source "ChessBase"]
[SourceDate "2005.11.24"]
[SourceVersion "1"]
[SourceVersionDate "2005.11.24"]
[SourceQuality "1"]

1. b3 d5 2. Bb2 Nf6 3. e3 Bg4 4. Nf3 e6 5. Be2 Bd6 6. Ne5 Bxe2 7. Qxe2 c6 8. d3 a5 9. 0-0 0-0 10. f4 Qe7 11. Rf3 Nbd7 12. Rg3 Ne8 13. Rh3 Bxe5 14. fxe5 g6 15. Nd2 a4 16. a3 axb3 17. cxb3 Ng7 18. Rf1 c5 19. Rf4 Rfc8 20. e4 d4 21. Nc4 Rc7 22. Rhf3 Rf8 23. a4 Qg5 24. Qf1 Nxe5 25. Rg3 Qh5 26. Rh3 Qg5 27. Bc1 Nxc4 28. Rfh4 Ne3 29. Bxe3 dxe3 30. Rxh7 f5 31. Rh8+ Kf7 32. Rg3 Qf6 33. Rh6 Qd4 34. Qe2 Qa1+ 35. Qf1 Qxf1+ 36. Kxf1 fxe4 37. dxe4 c4 38. bxc4 Rxc4 39. Rhxg6 Ke7+ 40. Ke2 Nh5 41. Rxe3 Nf4+ 0-1

[Event "Paris Apsap op 74th"]
[Site "Paris"]
[Date "2004.08.10"]
[Round "3"]
[White "Kvashyna, Tetyana"]
[Black "Louvrier Saint Mary, Jean Roger"]
[Result "1/2-1/2"]
[WhiteElo "1896"]
[BlackElo "2046"]
[PlyCount "78"]
[EventDate "2004.08.??"]
[EventType "swiss"]
[EventRounds "9"]
[EventCountry "FRA"]
[SourceTitle "EXT 2005"]
[Source "ChessBase"]
[SourceDate "2004.11.15"]
[SourceVersion "1"]
[SourceVersionDate "2004.11.15"]
[SourceQuality "1"]

1. d4 Nf6 2. Nf3 b6 3. e3 e6 4. Bd3 Bb7 5. Nbd2 d5 6. 0-0 Nbd7 7. b3 Bd6 8. Bb2 Qe7 9. Ne5 h5 10. f4 0-0-0 11. Qe2 Ng4 12. Ba6 Bxe5 13. Bxb7+ Kxb7 14. fxe5 Nh6 15. a4 a6 16. c4 Nf5 17. cxd5 Qg5 18. dxe6 fxe6 19. Qf3+ Kb8 20. Qf4 Qg6 21. e4 Nh6 22. h3 Rhf8 23. Qe3 Nf7 24. a5 b5 25. Rac1 Rc8 26. Rc6 Nd8 27. Rxf8 Nxc6 28. Rxc8+ Kxc8 29. Qc3 Kb7 30. b4 Qf7 31. Nf3 Qf4 32. d5 exd5 33. exd5 Nxb4 34. Nd4 Nxe5 35. Qxb4 Nd3 36. Qc3 Qf2+ 37. Kh2 Qf4+ 38. Kg1 Qf2+ 39. Kh2 Qf4+ 1/2-1/2

[Event "Paris-ch opA"]
[Site "Paris"]
[Date "2004.07.04"]
[Round "2"]
[White "Louvrier Saint Mary, Jean Roger"]
[Black "Voicu Jagodzinsky, Carmen"]
[Result "0-1"]
[WhiteElo "2046"]
[BlackElo "2289"]
[PlyCount "82"]
[EventDate "2004.07.03"]
[EventType "swiss"]
[EventRounds "9"]
[EventCountry "FRA"]
[SourceTitle "EXT 2005"]
[Source "ChessBase"]
[SourceDate "2004.11.15"]
[SourceVersion "1"]
[SourceVersionDate "2004.11.15"]
[SourceQuality "1"]

1. b3 e5 2. Bb2 Nc6 3. e3 d6 4. c4 Nf6 5. Be2 g6 6. h4 h5 7. Nf3 Bf5 8. a3 Bg7 9. d4 e4 10. Nfd2 Qe7 11. Nc3 0-0 12. Nd5 Qd7 13. Nf4 Rfe8 14. Nf1 d5 15. Ng3 Ne7 16. Nxf5 Qxf5 17. Rc1 c6 18. Bc3 Bh6 19. Nh3 Rad8 20. Qc2 Ng4 21. 0-0 Qf6 22. g3 Nf5 23. Bxg4 hxg4 24. Nf4 Bxf4 25. exf4 e3 26. Rfe1 Re4 27. Qd1 Rde8 28. Qxg4 exf2+ 29. Kxf2 Re3 30. Rxe3 Rxe3 31. Qxf5 Qxf5 32. Kxe3 Qe6+ 33. Kf2 dxc4 34. Re1 Qd5 35. Re5 Qd6 36. d5 f6 37. Re8+ Kf7 38. Re6 Qc5+ 39. Ke2 cxb3 40. Rxf6+ Ke8 41. Re6+ Kd7 0-1

[Event "Syre Memorial op 27th"]
[Site "Issy les Moulineaux"]
[Date "2004.05.21"]
[Round "3"]
[White "Debray, Christopher"]
[Black "Louvrier Saint Mary, Jean Roger"]
[Result "1-0"]
[WhiteElo "2210"]
[BlackElo "2000"]
[PlyCount "51"]
[EventDate "2004.05.20"]
[EventType "swiss"]
[EventRounds "6"]
[EventCountry "FRA"]
[SourceTitle "CBM 100 Extra"]
[Source "ChessBase"]
[SourceDate "2004.07.06"]
[SourceVersion "2"]
[SourceVersionDate "2004.07.06"]
[SourceQuality "1"]

1. Nf3 c5 2. c4 b6 3. Nc3 Bb7 4. e4 e6 5. d4 cxd4 6. Nxd4 a6 7. Be2 Qc7 8. 0-0 Nf6 9. Bf3 h5 10. e5 Ng4 11. Bf4 f5 12. Re1 Nc6 13. Nxf5 Nxf2 14. Kxf2 Bc5+ 15. Be3 Qxe5 16. Bxc5 Qxc5+ 17. Ne3 0-0-0 18. Ne4 Qe5 19. Nd6+ Kb8 20. Nf7 Qf6 21. Nxh8 Nd4 22. Nf7 Bxf3 23. gxf3 Qh4+ 24. Kg1 Rf8 25. Ng2 Qf6 26. Ne5 1-0

[Event "FRA-ch op-B"]
[Site "Val d'Isere"]
[Date "2002.08.28"]
[Round "7.3"]
[White "Wimmer, Gregory"]
[Black "Louvrier Saint Mary, Jean Roger"]
[Result "0-1"]
[WhiteElo "1840"]
[BlackElo "2000"]
[PlyCount "80"]
[EventDate "2002.08.20"]
[EventType "swiss"]
[EventRounds "11"]
[EventCountry "FRA"]
[SourceTitle "EXT 2003"]
[Source "ChessBase"]
[SourceDate "2002.11.25"]
[SourceVersion "1"]
[SourceVersionDate "2002.11.25"]
[SourceQuality "1"]

1. d4 Nf6 2. c4 e6 3. Nf3 Bb4+ 4. Bd2 Qe7 5. a3 Bxd2+ 6. Nbxd2 d6 7. e3 0-0 8. Qc2 b6 9. Bd3 Bb7 10. 0-0 Nbd7 11. Rac1 h6 12. Rfe1 Ne8 13. b4 c5 14. Re2 Rc8 15. Qb1 g5 16. Rf1 Ng7 17. Qb3 f5 18. g3 e5 19. e4 f4 20. d5 Qf7 21. b5 Qh5 22. Qd1 Rce8 23. a4 Bc8 24. Ree1 Nf6 25. Be2 Ng4 26. h4 fxg3 27. fxg3 Ne3 28. Nxe5 Rxf1+ 29. Nxf1 Nxd1 30. Bxh5 Nxh5 31. Nc6 Nb2 32. g4 Nf4 33. hxg5 hxg5 34. e5 Nbd3 35. Re3 Nxe5 36. Rxe5 dxe5 37. d6 Bxg4 38. Ne3 Be6 39. Nxa7 Kf7 40. Nd5 Nxd5 0-1

[Event "Paris-ch op-B"]
[Site "Paris"]
[Date "2002.07.10"]
[Round "5.20"]
[White "Louvrier Saint Mary, Jean Roger"]
[Black "Faber, Laurent"]
[Result "1-0"]
[WhiteElo "1860"]
[BlackElo "1930"]
[PlyCount "59"]
[EventDate "2002.07.06"]
[EventType "swiss"]
[EventRounds "7"]
[EventCountry "FRA"]
[SourceTitle "EXT 2003"]
[Source "ChessBase"]
[SourceDate "2002.11.25"]
[SourceVersion "1"]
[SourceVersionDate "2002.11.25"]
[SourceQuality "1"]

1. Nf3 Nf6 2. c4 e6 3. Nc3 Bb4 4. Qc2 0-0 5. d4 d5 6. Bg5 c5 7. e3 cxd4 8. exd4 h6 9. Bh4 Nc6 10. 0-0-0 Be7 11. Bxf6 Bxf6 12. g4 Qa5 13. h4 Nb4 14. Qb1 dxc4 15. g5 hxg5 16. hxg5 Bxg5+ 17. Nxg5 Qxg5+ 18. Rd2 Qg6 19. Ne4 Nd3+ 20. Bxd3 cxd3 21. Qxd3 f5 22. Nd6 Rd8 23. Nc4 Bd7 24. Ne5 Rac8+ 25. Kb1 Qg2 26. Rh4 Bb5 27. Qb3 Qd5 28. Qh3 Kf8 29. Rh8+ Ke7 30. Qh4+ 1-0

[Event "Paris-ch op"]
[Site "Paris"]
[Date "2001.07.24"]
[Round "4"]
[White "Troffiguer, Olivier"]
[Black "Louvrier Saint Mary, Jean Roger"]
[Result "1-0"]
[WhiteElo "2147"]
[BlackElo "2047"]
[PlyCount "43"]
[EventDate "2001.07.21"]
[EventType "swiss"]
[EventRounds "9"]
[EventCountry "FRA"]
[SourceTitle "CBM 083 Extra"]
[Source "ChessBase"]
[SourceDate "2001.09.11"]
[SourceVersion "1"]
[SourceVersionDate "2001.09.11"]
[SourceQuality "1"]

1. d4 Nf6 2. Nf3 e6 3. c4 Bb4+ 4. Bd2 Qe7 5. a3 Bxd2+ 6. Nbxd2 d5 7. e3 b6 8. cxd5 exd5 9. Bd3 Bg4 10. Qc2 0-0 11. Rc1 Nbd7 12. Qxc7 Rac8 13. Qxc8 Rxc8 14. Rxc8+ Nf8 15. Rc2 Ng6 16. 0-0 Ne4 17. Rfc1 Nxd2 18. Nxd2 Qg5 19. Nf1 h5 20. f4 Qe7 21. f5 Nh4 22. Rc8+ 1-0